Application of the RICS Valuation - Professional Standards in Portugal (Record no. 115898)
[ view plain ]
| 000 -LEADER | |
|---|---|
| fixed length control field | 01604cad a22003135a 4500 |
| 001 - CONTROL NUMBER | |
| control field | L159437 |
| 008 - FIXED-LENGTH DATA ELEMENTS--GENERAL INFORMATION | |
| fixed length control field | 131031s2016 xxk f f 001 0 eng d |
| 020 ## - INTERNATIONAL STANDARD BOOK NUMBER | |
| International Standard Book Number | 9781783211715 |
| 035 ## - SYSTEM CONTROL NUMBER | |
| System control number | (Sirsi) u159437 |
| 041 0# - LANGUAGE CODE | |
| Language code of text/sound track or separate title | eng |
| 041 0# - LANGUAGE CODE | |
| Language code of text/sound track or separate title | ptg |
| 050 04 - LIBRARY OF CONGRESS CALL NUMBER | |
| Classification number | 333.332 $2 18 |
| 110 2# - MAIN ENTRY--CORPORATE NAME | |
| Corporate name or jurisdiction name as entry element | Royal Institution of Chartered Surveyors |
| 9 (RLIN) | 4900 |
| 240 00 - UNIFORM TITLE | |
| Uniform title | Red Book |
| 245 00 - TITLE STATEMENT | |
| Title | Application of the RICS Valuation - Professional Standards in Portugal |
| Medium | [electronic resource] |
| 260 ## - PUBLICATION, DISTRIBUTION, ETC. | |
| Place of publication, distribution, etc. | London |
| Name of publisher, distributor, etc. | RICS |
| Date of publication, distribution, etc. | 2016 |
| 300 ## - PHYSICAL DESCRIPTION | |
| Extent | 5 p. |
| 490 #0 - SERIES STATEMENT | |
| Series statement | RICS Valuation Standards |
| 490 #0 - SERIES STATEMENT | |
| Series statement | RICS Professional Statement |
| 505 2# - FORMATTED CONTENTS NOTE | |
| Formatted contents note | PTPS 1: Compliance with Law no. 153/2015 of 14 September ? Property Valuation Experts (Peritos Avaliadores de Imóveis ? PAIs) -- PTPS 2: Guidelines for RICS members who perform valuations in Portugal. |
| 520 ## - SUMMARY, ETC. | |
| Summary, etc. | This RICS national association valuation standard covers the application of the Red Book in Portugal. It is provided in both English and Portuguese. Effective from 1 September 2016 |
| 650 24 - SUBJECT ADDED ENTRY--TOPICAL TERM | |
| Topical term or geographic name entry element | RICS VALUATION STANDARDS |
| 650 24 - SUBJECT ADDED ENTRY--TOPICAL TERM | |
| Topical term or geographic name entry element | Law no. 153/2015 |
| 651 #4 - SUBJECT ADDED ENTRY--GEOGRAPHIC NAME | |
| Geographic name | Portugal |
| 690 ## - LOCAL SUBJECT ADDED ENTRY--TOPICAL TERM (OCLC, RLIN) | |
| Topical term or geographic name as entry element | Valuation |
| 9 (RLIN) | 6273 |
| 856 40 - ELECTRONIC LOCATION AND ACCESS | |
| Uniform Resource Identifier | <a href="https://www.isurv.com/downloads/file/6895/application_of_the_rics_valuation_professional_standards_in_portugal_1st_edition">https://www.isurv.com/downloads/file/6895/application_of_the_rics_valuation_professional_standards_in_portugal_1st_edition</a> |
| Public note | English language version archived on iSurv (subscription required) |
| 856 40 - ELECTRONIC LOCATION AND ACCESS | |
| Uniform Resource Identifier | <a href="https://www.isurv.com/downloads/file/6894/aplica%C3%A7%C3%A3o_da_avalia%C3%A7%C3%A3o_rics_normas_profissionais_em_portugal_1%C2%AA_edi%C3%A7%C3%A3o">https://www.isurv.com/downloads/file/6894/aplica%C3%A7%C3%A3o_da_avalia%C3%A7%C3%A3o_rics_normas_profissionais_em_portugal_1%C2%AA_edi%C3%A7%C3%A3o</a> |
| Public note | Portuguese version archived on iSurv (subscription required) |
| 942 ## - ADDED ENTRY ELEMENTS (KOHA) | |
| Suppress in OPAC | 0 |
| Source of classification or shelving scheme | Dewey Decimal Classification |
| Withdrawn status | Lost status | Source of classification or shelving scheme | Damaged status | Not for loan | Home library | Current library | Shelving location | Date acquired | Total Checkouts | Full call number | Barcode | Date last seen | Copy number | Price effective from | Koha item type |
|---|---|---|---|---|---|---|---|---|---|---|---|---|---|---|---|
| Dewey Decimal Classification | Virtual | Virtual | Online | 18/07/2017 | iSurv | 159437-2001 | 23/03/2023 | 1 | 06/08/2019 | Book |